| Tag |
First Indicator |
Second Indicator |
Subfields |
| LEADER |
00000cam a2200000Ii 4500 |
| 001 |
in00001828708 |
| 005 |
20151026054306.0 |
| 008 |
780922s1976 enk 000 0brus d |
| 035 |
|
|
|a (OCoLC)ocm04246286
|
| 040 |
|
|
|a IUL
|c IUL
|d OCL
|d OCLCQ
|d TXA
|d UtOrBLW
|
| 043 |
|
|
|a e-ru---
|
| 049 |
|
|
|a TXAM
|
| 090 |
|
|
|a PG3488.O65
|b Z975 1976
|
| 100 |
1 |
|
|a Zilʹberberg, Ilʹi︠a︡.
|
| 245 |
1 |
0 |
|a Neobkhodimyĭ razgovor s Solz︠h︡enit︠s︡ynym /
|c Ilʹi︠a︡ Zilʹberberg.
|
| 264 |
|
1 |
|a Forest Row, Sussex :
|b Zilberberg,
|c 1976.
|
| 300 |
|
|
|a 187 pages ;
|c 21 cm.
|
| 336 |
|
|
|a text
|b txt
|2 rdacontent
|
| 337 |
|
|
|a unmediated
|b n
|2 rdamedia
|
| 338 |
|
|
|a volume
|b nc
|2 rdacarrier
|
| 500 |
|
|
|a Russian in Cyrillic script.
|
| 600 |
1 |
0 |
|a Solzhenit︠s︡yn, Aleksandr Isaevich,
|d 1918-2008.
|
| 650 |
|
0 |
|a Dissenters
|z Soviet Union.
|
| 948 |
|
|
|a cataloged
|b h
|c 2004/4/16
|d c
|e spoltoratski
|f 11:55:20 am
|
| 994 |
|
|
|a E0
|b TXA
|
| 999 |
|
|
|a MARS
|
| 999 |
f |
f |
|s f60c5ee0-8ed5-3cca-9335-61003c2de472
|i 0bf9a681-8a9a-3295-9e78-1fd9a09e94e8
|t 0
|
| 952 |
f |
f |
|p ric
|a Texas A&M University
|b Rellis Campus
|c Joint Library Facility
|d Remote Storage
|t 0
|e PG3488.O65 Z975 1976
|h Library of Congress classification
|i unmediated -- volume
|m A14830874046
|
| 998 |
f |
f |
|a PG3488.O65 Z975 1976
|t 0
|l Remote Storage
|